000 00744nam a2200289Ia 4500
005 20260324125256.0
008 008 260324s9999 xx 000 0 eng d
020 _a9781315219363
037 _aEBOOK
040 _aCRL
040 _beng
040 _cCRL
041 _2eng
041 _aeng
084 _qCRL
100 _aPhilip A. Laplante; Lidong Xu; Xinggang Lin; Guijin Wang; Rastislav Lukac
_91177365
245 0 _aSingle-Sensor Imaging
245 0 _bMethods and Applications for Digital Cameras
260 _bTaylor and Francis
260 _c2009
365 _a
365 _b340
856 _uhttp://www.taylorfrancis.com/books/9781315219363
942 _cEBOOK
999 _c1772466
_d1772466